000 00438nam a2200181Ia 4500
001 10422
005 20260306161831.0
008 260306t1934||||xx |||||||||||||| ||spa||
041 _aESP
082 _a926
_bV19
100 _aValdizán, Hermilio
_eAUT
245 0 _aVíctor Larco Herrera:
_bEl hombre - La obra
260 _c1934
300 _a201 páginas :
_c19 cm.
650 _aGEN
654 _aCHU
942 _cLIB
_dJUS
_fJUS
_2ddc
_n
999 _c10422
_d10422